zpět

Detail výsledku týmu

Pivovarský dvůr Chýně, Chýně

Datum a čas kvízu

23 Celkem bodů Celkový počet nahraných bodů na tomto kvízu bez doplňovacích otázek.
8. Pořadí na kvízu Konečné umístění týmu na tomto kvízu.

Zaznamenané odpovědi

# Otázka Odpověď Body Výsledky
1. Žena, která nastoupila loni v... Jana Vohralíková, Petr Kolář 0
2. Tento ruský opoziční politik v... Boris Naděždin 0
3. Minulý týden v sobotu se konal... Ples jako Brno 0
4. Které město jako první v České... Brno 1
5. Po závěrečné siréně nedělního... Sparta Praha, Třinec 1
6. Nejvíce dvojčat na světě se ro... Nigérie 0
7. Dvojčata mohou na počátku nitr... chiméra 0
8. Jako dvojčata byly označovány... WTC 1
9. Jak se jmenuje herec, jehož ob... Rami Malek 1
10. Na závěr tématu se podíváme na... paterčata 1